LAWS OF EMOTION (Record no. 18195)

MARC details
000 -LEADER
fixed length control field 00313nam a2200133Ia 4500
008 - FIXED-LENGTH DATA ELEMENTS--GENERAL INFORMATION
fixed length control field 240624s9999 xx 000 0 und d
041 ## - LANGUAGE CODE
Language code of text/sound track or separate title eng
082 ## - DEWEY DECIMAL CLASSIFICATION NUMBER
Classification number 152.4 FRI
100 ## - MAIN ENTRY--PERSONAL NAME
Personal name FRIJDA NICO H
245 ## - TITLE STATEMENT
Title LAWS OF EMOTION
260 ## - PUBLICATION, DISTRIBUTION, ETC.
Date of publication, distribution, etc. 2006
Place of publication, distribution, etc. New Jersey
Name of publisher, distributor, etc. Psychology Press
300 ## - PHYSICAL DESCRIPTION
Extent 384 : p.
365 ## - TRADE PRICE
Currency code
Price amount 20
Holdings
Withdrawn status Lost status Damaged status Not for loan Home library Current library Shelving location Date acquired Source of acquisition Cost, normal purchase price Full call number Barcode Date last seen Copy number Price effective from Koha item type
        IMTN IMTN Rack 2-B 11/21/2011 AP 47.50 152.4 FRI 18195 06/24/2024 51.9 06/24/2024 Books
Designed & Maintained by: LRC IMT Nagpur Contact: lrc@imtnag.ac.in© 2024. All Rights Reserved.